000 00796nam a2200253 a 4500
001 60321
003 BD-RjUL
005 20211209080827.0
008 161229m19721974maua 001 0 eng
020 _a0536007233 (v. 1)
035 _a(BD-RjUL)60445
040 _aDLC
_cDLC
_dBD-RjUL
_beng
041 _aeng
082 0 0 _a539
_223
_bFOC 1973
100 1 _aFord, Kenneth William,
_d1926-
_9179506
245 1 0 _aClassical and modern physics :
_ba textbook for students of science and engineering /
_c[by] Kenneth W. Ford.
260 _aLexington, Mass. :
_bXerox College Pub.,
_c[1972-74]
300 _a3 v. :
_bill. ;
_c26 cm.
504 _aIncludes bibliographical references.
505 0 _avol 1&2 --
650 0 _aPhysics, Modern
_9179507
942 _2ddc
_cBK
999 _c60321
_d60321